<?xml version="1.0" encoding="UTF-8"?>
<record
    xmlns:xsi="http://www.w3.org/2001/XMLSchema-instance"
    xsi:schemaLocation="http://www.loc.gov/MARC21/slim http://www.loc.gov/standards/marcxml/schema/MARC21slim.xsd"
    xmlns="http://www.loc.gov/MARC21/slim">

  <leader>00940nas a2200253 454500</leader>
  <controlfield tag="001">40468</controlfield>
  <controlfield tag="005">20260407193510.0</controlfield>
  <controlfield tag="008">260407s2016####ag###########|||spa#d</controlfield>
  <controlfield tag="003">AR-UNSa-BCEJYS</controlfield>
  <datafield tag="040" ind1=" " ind2=" ">
    <subfield code="a">AR-UNSa-BCEJYS</subfield>
    <subfield code="b">spa</subfield>
    <subfield code="c">AR-UNSa-BCEJYS</subfield>
  </datafield>
  <datafield tag="080" ind1=" " ind2=" ">
    <subfield code="a">342.9</subfield>
    <subfield code="x">Derecho Administrativo</subfield>
  </datafield>
  <datafield tag="245" ind1="1" ind2="0">
    <subfield code="a">Temas de derecho administrativo</subfield>
    <subfield code="p">doctrina, jurisprudencia, legislaci&#xF3;n</subfield>
  </datafield>
  <datafield tag="264" ind1=" " ind2="1">
    <subfield code="a">Buenos Aires :</subfield>
    <subfield code="b">Erreius</subfield>
    <subfield code="c">2016</subfield>
  </datafield>
  <datafield tag="310" ind1=" " ind2=" ">
    <subfield code="a">Frecuencia: Mensual
A partir del n&#xFA;mero correspondiente al mes de Febrero de 2024, cambia de periodicidad en forma bimestral</subfield>
  </datafield>
  <datafield tag="041" ind1=" " ind2=" ">
    <subfield code="a">spa</subfield>
  </datafield>
  <datafield tag="942" ind1=" " ind2=" ">
    <subfield code="c">SER</subfield>
  </datafield>
  <datafield tag="590" ind1=" " ind2=" ">
    <subfield code="a">niveau_biblio:s niveau_hierar:1</subfield>
  </datafield>
  <datafield tag="100" ind1="1" ind2=" ">
    <subfield code="a">Balb&#xED;n, Carlos Francisco</subfield>
  </datafield>
  <datafield tag="650" ind1=" " ind2=" ">
    <subfield code="a">DERECHO ADMINISTRATIVO</subfield>
  </datafield>
  <datafield tag="650" ind1=" " ind2=" ">
    <subfield code="a">Derechos humanos</subfield>
  </datafield>
  <datafield tag="650" ind1=" " ind2=" ">
    <subfield code="a">Responsabilidad del Estado</subfield>
  </datafield>
  <datafield tag="650" ind1=" " ind2=" ">
    <subfield code="a">ACTO ADMINISTRATIVO</subfield>
  </datafield>
  <datafield tag="856" ind1="4" ind2="1">
    <subfield code="u">https://biblioeco.unsa.edu.ar/pmb/images/revistas/R10497.jpg</subfield>
    <subfield code="y">Imagen de portada</subfield>
    <subfield code="q">image/jpeg</subfield>
  </datafield>
  <datafield tag="999" ind1=" " ind2=" ">
    <subfield code="c">8871</subfield>
    <subfield code="d">8871</subfield>
  </datafield>
  <datafield tag="952" ind1=" " ind2=" ">
    <subfield code="0">0</subfield>
    <subfield code="1">0</subfield>
    <subfield code="4">0</subfield>
    <subfield code="7">0</subfield>
    <subfield code="a">BCEJYS</subfield>
    <subfield code="b">BCEJYS</subfield>
    <subfield code="c">17</subfield>
    <subfield code="d">2024-08-01</subfield>
    <subfield code="h">A&#xF1;o 9, N&#xB0; 8/9 - ago./sep. 2024</subfield>
    <subfield code="l">0</subfield>
    <subfield code="o">H342.9 TDA 8/9.2024</subfield>
    <subfield code="p">R23363</subfield>
    <subfield code="r">2026-04-10 16:10:00</subfield>
    <subfield code="w">2026-04-10</subfield>
    <subfield code="y">RN</subfield>
  </datafield>
  <datafield tag="952" ind1=" " ind2=" ">
    <subfield code="0">0</subfield>
    <subfield code="1">0</subfield>
    <subfield code="4">0</subfield>
    <subfield code="7">0</subfield>
    <subfield code="a">BCEJYS</subfield>
    <subfield code="b">BCEJYS</subfield>
    <subfield code="c">17</subfield>
    <subfield code="d">2024-06-01</subfield>
    <subfield code="h">A&#xF1;o 9, N&#xB0; 6/7 - jun./jul. 2024</subfield>
    <subfield code="l">0</subfield>
    <subfield code="o">H342.9 TDA 6/7.2024</subfield>
    <subfield code="p">R23358</subfield>
    <subfield code="r">2026-04-10 16:10:00</subfield>
    <subfield code="w">2026-04-10</subfield>
    <subfield code="y">RN</subfield>
  </datafield>
  <datafield tag="952" ind1=" " ind2=" ">
    <subfield code="0">0</subfield>
    <subfield code="1">0</subfield>
    <subfield code="4">0</subfield>
    <subfield code="7">0</subfield>
    <subfield code="a">BCEJYS</subfield>
    <subfield code="b">BCEJYS</subfield>
    <subfield code="c">17</subfield>
    <subfield code="d">2024-04-01</subfield>
    <subfield code="h">A&#xF1;o 9, N&#xB0; 4/5 - abr./mayo 2024</subfield>
    <subfield code="l">0</subfield>
    <subfield code="o">H342.9 TDA 4/5.2024</subfield>
    <subfield code="p">R10354</subfield>
    <subfield code="r">2026-04-10 16:10:00</subfield>
    <subfield code="w">2026-04-10</subfield>
    <subfield code="y">RN</subfield>
  </datafield>
  <datafield tag="952" ind1=" " ind2=" ">
    <subfield code="0">0</subfield>
    <subfield code="1">0</subfield>
    <subfield code="4">0</subfield>
    <subfield code="7">0</subfield>
    <subfield code="a">BCEJYS</subfield>
    <subfield code="b">BCEJYS</subfield>
    <subfield code="c">17</subfield>
    <subfield code="d">2024-02-01</subfield>
    <subfield code="h">A&#xF1;o 9, N&#xB0; 2/3 - feb./mar. 2024</subfield>
    <subfield code="l">0</subfield>
    <subfield code="o">H342.9 TDA 2/3.2024</subfield>
    <subfield code="p">R10493</subfield>
    <subfield code="r">2026-04-10 16:10:00</subfield>
    <subfield code="w">2026-04-10</subfield>
    <subfield code="y">RN</subfield>
  </datafield>
  <datafield tag="952" ind1=" " ind2=" ">
    <subfield code="0">0</subfield>
    <subfield code="1">0</subfield>
    <subfield code="4">0</subfield>
    <subfield code="7">0</subfield>
    <subfield code="a">BCEJYS</subfield>
    <subfield code="b">BCEJYS</subfield>
    <subfield code="c">17</subfield>
    <subfield code="d">2023-12-01</subfield>
    <subfield code="h">A&#xF1;o 8, N&#xB0; 12 - dic. 2023</subfield>
    <subfield code="l">0</subfield>
    <subfield code="o">H342.9 TDA 12.2023</subfield>
    <subfield code="p">R00479</subfield>
    <subfield code="r">2026-04-10 16:10:00</subfield>
    <subfield code="w">2026-04-10</subfield>
    <subfield code="y">RN</subfield>
  </datafield>
  <datafield tag="952" ind1=" " ind2=" ">
    <subfield code="0">0</subfield>
    <subfield code="1">0</subfield>
    <subfield code="4">0</subfield>
    <subfield code="7">0</subfield>
    <subfield code="a">BCEJYS</subfield>
    <subfield code="b">BCEJYS</subfield>
    <subfield code="c">17</subfield>
    <subfield code="d">2023-11-01</subfield>
    <subfield code="h">A&#xF1;o 8, N&#xB0; 11 - nov. 2023</subfield>
    <subfield code="l">0</subfield>
    <subfield code="o">H342.9 TDA 11.2023</subfield>
    <subfield code="p">R00435</subfield>
    <subfield code="r">2026-04-10 16:10:00</subfield>
    <subfield code="w">2026-04-10</subfield>
    <subfield code="y">RN</subfield>
  </datafield>
  <datafield tag="952" ind1=" " ind2=" ">
    <subfield code="0">0</subfield>
    <subfield code="1">0</subfield>
    <subfield code="4">0</subfield>
    <subfield code="7">0</subfield>
    <subfield code="a">BCEJYS</subfield>
    <subfield code="b">BCEJYS</subfield>
    <subfield code="c">17</subfield>
    <subfield code="d">2023-10-01</subfield>
    <subfield code="h">A&#xF1;o 8, N&#xB0; 10 - oct. 2023</subfield>
    <subfield code="l">0</subfield>
    <subfield code="o">H342.9 TDA 10.2023</subfield>
    <subfield code="p">R00420</subfield>
    <subfield code="r">2026-04-10 16:10:00</subfield>
    <subfield code="w">2026-04-10</subfield>
    <subfield code="y">RN</subfield>
  </datafield>
  <datafield tag="952" ind1=" " ind2=" ">
    <subfield code="0">0</subfield>
    <subfield code="1">0</subfield>
    <subfield code="4">0</subfield>
    <subfield code="7">0</subfield>
    <subfield code="a">BCEJYS</subfield>
    <subfield code="b">BCEJYS</subfield>
    <subfield code="c">17</subfield>
    <subfield code="d">2023-09-01</subfield>
    <subfield code="h">A&#xF1;o 8, N&#xB0; 9 - sep. 2023</subfield>
    <subfield code="l">0</subfield>
    <subfield code="o">H342.9 TDA 9.2023</subfield>
    <subfield code="p">R01592</subfield>
    <subfield code="r">2026-04-10 16:10:00</subfield>
    <subfield code="w">2026-04-10</subfield>
    <subfield code="y">RN</subfield>
  </datafield>
  <datafield tag="952" ind1=" " ind2=" ">
    <subfield code="0">0</subfield>
    <subfield code="1">0</subfield>
    <subfield code="4">0</subfield>
    <subfield code="7">0</subfield>
    <subfield code="a">BCEJYS</subfield>
    <subfield code="b">BCEJYS</subfield>
    <subfield code="c">17</subfield>
    <subfield code="d">2023-08-01</subfield>
    <subfield code="h">A&#xF1;o 8, N&#xB0; 8 - ago. 2023</subfield>
    <subfield code="l">0</subfield>
    <subfield code="o">H342.9 TDA 8.2023</subfield>
    <subfield code="p">R10431</subfield>
    <subfield code="r">2026-04-10 16:10:00</subfield>
    <subfield code="w">2026-04-10</subfield>
    <subfield code="y">RN</subfield>
  </datafield>
  <datafield tag="952" ind1=" " ind2=" ">
    <subfield code="0">0</subfield>
    <subfield code="1">0</subfield>
    <subfield code="4">0</subfield>
    <subfield code="7">0</subfield>
    <subfield code="a">BCEJYS</subfield>
    <subfield code="b">BCEJYS</subfield>
    <subfield code="c">17</subfield>
    <subfield code="d">2023-07-01</subfield>
    <subfield code="h">A&#xF1;o 8, N&#xB0; 7 - jul. 2023</subfield>
    <subfield code="l">0</subfield>
    <subfield code="o">H342.9 TDA 7.2023</subfield>
    <subfield code="p">R10378</subfield>
    <subfield code="r">2026-04-10 16:10:00</subfield>
    <subfield code="w">2026-04-10</subfield>
    <subfield code="y">RN</subfield>
  </datafield>
  <datafield tag="952" ind1=" " ind2=" ">
    <subfield code="0">0</subfield>
    <subfield code="1">0</subfield>
    <subfield code="4">0</subfield>
    <subfield code="7">0</subfield>
    <subfield code="a">BCEJYS</subfield>
    <subfield code="b">BCEJYS</subfield>
    <subfield code="c">17</subfield>
    <subfield code="d">2023-06-01</subfield>
    <subfield code="h">A&#xF1;o 8, N&#xB0; 6 - jun. 2023</subfield>
    <subfield code="l">0</subfield>
    <subfield code="o">H342.9 TDA 6.2023</subfield>
    <subfield code="p">R10345</subfield>
    <subfield code="r">2026-04-10 16:10:00</subfield>
    <subfield code="w">2026-04-10</subfield>
    <subfield code="y">RN</subfield>
  </datafield>
  <datafield tag="952" ind1=" " ind2=" ">
    <subfield code="0">0</subfield>
    <subfield code="1">0</subfield>
    <subfield code="4">0</subfield>
    <subfield code="7">0</subfield>
    <subfield code="a">BCEJYS</subfield>
    <subfield code="b">BCEJYS</subfield>
    <subfield code="c">1</subfield>
    <subfield code="d">2023-05-01</subfield>
    <subfield code="h">A&#xF1;o 8, N&#xB0; 5 - mayo 2023</subfield>
    <subfield code="l">0</subfield>
    <subfield code="o">H342.9 TDA 5.2023</subfield>
    <subfield code="p">R10478</subfield>
    <subfield code="r">2026-04-10 16:10:00</subfield>
    <subfield code="w">2026-04-10</subfield>
    <subfield code="y">RN</subfield>
  </datafield>
  <datafield tag="952" ind1=" " ind2=" ">
    <subfield code="0">0</subfield>
    <subfield code="1">0</subfield>
    <subfield code="4">0</subfield>
    <subfield code="7">0</subfield>
    <subfield code="a">BCEJYS</subfield>
    <subfield code="b">BCEJYS</subfield>
    <subfield code="c">17</subfield>
    <subfield code="d">2023-04-01</subfield>
    <subfield code="h">A&#xF1;o 8, N&#xB0; 4 - abr. 2023</subfield>
    <subfield code="l">0</subfield>
    <subfield code="o">H342.9 TDA 4.2023</subfield>
    <subfield code="p">R00443</subfield>
    <subfield code="r">2026-04-10 16:10:00</subfield>
    <subfield code="w">2026-04-10</subfield>
    <subfield code="y">RN</subfield>
  </datafield>
  <datafield tag="952" ind1=" " ind2=" ">
    <subfield code="0">0</subfield>
    <subfield code="1">0</subfield>
    <subfield code="4">0</subfield>
    <subfield code="7">0</subfield>
    <subfield code="a">BCEJYS</subfield>
    <subfield code="b">BCEJYS</subfield>
    <subfield code="c">17</subfield>
    <subfield code="d">2023-03-01</subfield>
    <subfield code="h">A&#xF1;o 8, N&#xB0; 3 - mar. 2023</subfield>
    <subfield code="l">0</subfield>
    <subfield code="o">H342.9 TDA 3.2023</subfield>
    <subfield code="p">R10384</subfield>
    <subfield code="r">2026-04-10 16:10:00</subfield>
    <subfield code="w">2026-04-10</subfield>
    <subfield code="y">RN</subfield>
  </datafield>
  <datafield tag="952" ind1=" " ind2=" ">
    <subfield code="0">0</subfield>
    <subfield code="1">0</subfield>
    <subfield code="4">0</subfield>
    <subfield code="7">0</subfield>
    <subfield code="a">BCEJYS</subfield>
    <subfield code="b">BCEJYS</subfield>
    <subfield code="c">17</subfield>
    <subfield code="d">2023-02-01</subfield>
    <subfield code="h">A&#xF1;o 8, N&#xB0; 2 - feb. 2023</subfield>
    <subfield code="l">0</subfield>
    <subfield code="o">H342.9 TDA 2.2023</subfield>
    <subfield code="p">R10497</subfield>
    <subfield code="r">2026-04-10 16:10:00</subfield>
    <subfield code="w">2026-04-10</subfield>
    <subfield code="y">RN</subfield>
  </datafield>
  <datafield tag="952" ind1=" " ind2=" ">
    <subfield code="0">0</subfield>
    <subfield code="1">0</subfield>
    <subfield code="4">0</subfield>
    <subfield code="7">0</subfield>
    <subfield code="a">BCEJYS</subfield>
    <subfield code="b">BCEJYS</subfield>
    <subfield code="c">17</subfield>
    <subfield code="d">2022-12-01</subfield>
    <subfield code="h">A&#xF1;o 7, N&#xB0; 12 - dic. 2022</subfield>
    <subfield code="l">0</subfield>
    <subfield code="o">H342.9 TDA 12.2022</subfield>
    <subfield code="p">R10558</subfield>
    <subfield code="r">2026-04-10 16:10:00</subfield>
    <subfield code="w">2026-04-10</subfield>
    <subfield code="y">RN</subfield>
  </datafield>
  <datafield tag="952" ind1=" " ind2=" ">
    <subfield code="0">0</subfield>
    <subfield code="1">0</subfield>
    <subfield code="4">0</subfield>
    <subfield code="7">0</subfield>
    <subfield code="a">BCEJYS</subfield>
    <subfield code="b">BCEJYS</subfield>
    <subfield code="c">17</subfield>
    <subfield code="d">2022-11-01</subfield>
    <subfield code="h">A&#xF1;o 7, N&#xB0; 11 - nov. 2022</subfield>
    <subfield code="l">0</subfield>
    <subfield code="o">H342.9 TDA 11.2022</subfield>
    <subfield code="p">R00442</subfield>
    <subfield code="r">2026-04-10 16:10:00</subfield>
    <subfield code="w">2026-04-10</subfield>
    <subfield code="y">RN</subfield>
  </datafield>
  <datafield tag="952" ind1=" " ind2=" ">
    <subfield code="0">0</subfield>
    <subfield code="1">0</subfield>
    <subfield code="4">0</subfield>
    <subfield code="7">0</subfield>
    <subfield code="a">BCEJYS</subfield>
    <subfield code="b">BCEJYS</subfield>
    <subfield code="c">17</subfield>
    <subfield code="d">2022-10-01</subfield>
    <subfield code="h">A&#xF1;o 7, N&#xB0; 10 - oct. 2022</subfield>
    <subfield code="l">0</subfield>
    <subfield code="o">H342.9 TDA 10.2022</subfield>
    <subfield code="p">R10545</subfield>
    <subfield code="r">2026-04-10 16:10:00</subfield>
    <subfield code="w">2026-04-10</subfield>
    <subfield code="y">RN</subfield>
  </datafield>
  <datafield tag="952" ind1=" " ind2=" ">
    <subfield code="0">0</subfield>
    <subfield code="1">0</subfield>
    <subfield code="4">0</subfield>
    <subfield code="7">0</subfield>
    <subfield code="a">BCEJYS</subfield>
    <subfield code="b">BCEJYS</subfield>
    <subfield code="c">17</subfield>
    <subfield code="d">2022-09-01</subfield>
    <subfield code="h">A&#xF1;o 7, N&#xB0; 9 - sep. 2022</subfield>
    <subfield code="l">0</subfield>
    <subfield code="o">H342.9 TDA 9.2022</subfield>
    <subfield code="p">R10533</subfield>
    <subfield code="r">2026-04-10 16:10:00</subfield>
    <subfield code="w">2026-04-10</subfield>
    <subfield code="y">RN</subfield>
  </datafield>
  <datafield tag="952" ind1=" " ind2=" ">
    <subfield code="0">0</subfield>
    <subfield code="1">0</subfield>
    <subfield code="4">0</subfield>
    <subfield code="7">0</subfield>
    <subfield code="a">BCEJYS</subfield>
    <subfield code="b">BCEJYS</subfield>
    <subfield code="c">1</subfield>
    <subfield code="d">2022-08-01</subfield>
    <subfield code="h">A&#xF1;o 7, N&#xB0; 8 - ago. 2022</subfield>
    <subfield code="l">0</subfield>
    <subfield code="o">H342.9 TDA 8.2022</subfield>
    <subfield code="p">R10442</subfield>
    <subfield code="r">2026-04-10 16:10:00</subfield>
    <subfield code="w">2026-04-10</subfield>
    <subfield code="y">RN</subfield>
  </datafield>
  <datafield tag="952" ind1=" " ind2=" ">
    <subfield code="0">0</subfield>
    <subfield code="1">0</subfield>
    <subfield code="4">0</subfield>
    <subfield code="7">0</subfield>
    <subfield code="a">BCEJYS</subfield>
    <subfield code="b">BCEJYS</subfield>
    <subfield code="c">1</subfield>
    <subfield code="d">2022-07-01</subfield>
    <subfield code="h">A&#xF1;o 7, N&#xB0; 7 - jul. 2022</subfield>
    <subfield code="l">0</subfield>
    <subfield code="o">H342.9 TDA 7.2022</subfield>
    <subfield code="p">R09846</subfield>
    <subfield code="r">2026-04-10 16:10:00</subfield>
    <subfield code="w">2026-04-10</subfield>
    <subfield code="y">RN</subfield>
  </datafield>
  <datafield tag="952" ind1=" " ind2=" ">
    <subfield code="0">0</subfield>
    <subfield code="1">0</subfield>
    <subfield code="4">0</subfield>
    <subfield code="7">0</subfield>
    <subfield code="a">BCEJYS</subfield>
    <subfield code="b">BCEJYS</subfield>
    <subfield code="c">13</subfield>
    <subfield code="d">2022-06-01</subfield>
    <subfield code="h">A&#xF1;o 7, N&#xB0; 6 - jun. 2022</subfield>
    <subfield code="l">0</subfield>
    <subfield code="o">H342.9 TDA 6.2022</subfield>
    <subfield code="p">R01573</subfield>
    <subfield code="r">2026-04-10 16:10:00</subfield>
    <subfield code="w">2026-04-10</subfield>
    <subfield code="y">RN</subfield>
  </datafield>
  <datafield tag="952" ind1=" " ind2=" ">
    <subfield code="0">0</subfield>
    <subfield code="1">0</subfield>
    <subfield code="4">0</subfield>
    <subfield code="7">0</subfield>
    <subfield code="a">BCEJYS</subfield>
    <subfield code="b">BCEJYS</subfield>
    <subfield code="c">17</subfield>
    <subfield code="d">2022-05-01</subfield>
    <subfield code="h">A&#xF1;o 7, N&#xB0; 5 - mayo 2022</subfield>
    <subfield code="l">0</subfield>
    <subfield code="o">H342.9 TDA 5.2022</subfield>
    <subfield code="p">R10436</subfield>
    <subfield code="r">2026-04-10 16:10:00</subfield>
    <subfield code="w">2026-04-10</subfield>
    <subfield code="y">RN</subfield>
  </datafield>
  <datafield tag="952" ind1=" " ind2=" ">
    <subfield code="0">0</subfield>
    <subfield code="1">0</subfield>
    <subfield code="4">0</subfield>
    <subfield code="7">0</subfield>
    <subfield code="a">BCEJYS</subfield>
    <subfield code="b">BCEJYS</subfield>
    <subfield code="c">1</subfield>
    <subfield code="d">2022-04-01</subfield>
    <subfield code="h">A&#xF1;o 7, N&#xB0; 4 - abr. 2022</subfield>
    <subfield code="l">0</subfield>
    <subfield code="o">H342.9 TDA 4.2022</subfield>
    <subfield code="p">R14092</subfield>
    <subfield code="r">2026-04-10 16:10:00</subfield>
    <subfield code="w">2026-04-10</subfield>
    <subfield code="y">RN</subfield>
  </datafield>
  <datafield tag="952" ind1=" " ind2=" ">
    <subfield code="0">0</subfield>
    <subfield code="1">0</subfield>
    <subfield code="4">0</subfield>
    <subfield code="7">0</subfield>
    <subfield code="a">BCEJYS</subfield>
    <subfield code="b">BCEJYS</subfield>
    <subfield code="c">1</subfield>
    <subfield code="d">2022-03-01</subfield>
    <subfield code="h">A&#xF1;o 7, N&#xB0; 3 - mar. 2022</subfield>
    <subfield code="l">0</subfield>
    <subfield code="o">H342.9 TDA 3.2022</subfield>
    <subfield code="p">R14046</subfield>
    <subfield code="r">2026-04-10 16:10:00</subfield>
    <subfield code="w">2026-04-10</subfield>
    <subfield code="y">RN</subfield>
  </datafield>
  <datafield tag="952" ind1=" " ind2=" ">
    <subfield code="0">0</subfield>
    <subfield code="1">0</subfield>
    <subfield code="4">0</subfield>
    <subfield code="7">0</subfield>
    <subfield code="a">BCEJYS</subfield>
    <subfield code="b">BCEJYS</subfield>
    <subfield code="c">1</subfield>
    <subfield code="d">2022-02-01</subfield>
    <subfield code="h">A&#xF1;o 7, N&#xB0; 2 - feb. 2022</subfield>
    <subfield code="l">0</subfield>
    <subfield code="o">H342.9 TDA 2.2022</subfield>
    <subfield code="p">R14062</subfield>
    <subfield code="r">2026-04-10 16:10:00</subfield>
    <subfield code="w">2026-04-10</subfield>
    <subfield code="y">RN</subfield>
  </datafield>
  <datafield tag="952" ind1=" " ind2=" ">
    <subfield code="0">0</subfield>
    <subfield code="1">0</subfield>
    <subfield code="4">0</subfield>
    <subfield code="7">0</subfield>
    <subfield code="a">BCEJYS</subfield>
    <subfield code="b">BCEJYS</subfield>
    <subfield code="c">1</subfield>
    <subfield code="d">2021-12-01</subfield>
    <subfield code="h">A&#xF1;o 6, N&#xB0; 12 - dic. 2021</subfield>
    <subfield code="l">0</subfield>
    <subfield code="o">H342.9 TDA 12.2021</subfield>
    <subfield code="p">R09903</subfield>
    <subfield code="r">2026-04-10 16:10:00</subfield>
    <subfield code="w">2026-04-10</subfield>
    <subfield code="y">RN</subfield>
  </datafield>
  <datafield tag="952" ind1=" " ind2=" ">
    <subfield code="0">0</subfield>
    <subfield code="1">0</subfield>
    <subfield code="4">0</subfield>
    <subfield code="7">0</subfield>
    <subfield code="a">BCEJYS</subfield>
    <subfield code="b">BCEJYS</subfield>
    <subfield code="c">1</subfield>
    <subfield code="d">2021-11-01</subfield>
    <subfield code="h">A&#xF1;o 6, N&#xB0; 11 - nov. 2021</subfield>
    <subfield code="l">0</subfield>
    <subfield code="o">H342.9 TDA 11.2021</subfield>
    <subfield code="p">R10159</subfield>
    <subfield code="r">2026-04-10 16:10:00</subfield>
    <subfield code="w">2026-04-10</subfield>
    <subfield code="y">RN</subfield>
  </datafield>
  <datafield tag="952" ind1=" " ind2=" ">
    <subfield code="0">0</subfield>
    <subfield code="1">0</subfield>
    <subfield code="4">0</subfield>
    <subfield code="7">0</subfield>
    <subfield code="a">BCEJYS</subfield>
    <subfield code="b">BCEJYS</subfield>
    <subfield code="c">1</subfield>
    <subfield code="d">2021-10-01</subfield>
    <subfield code="h">A&#xF1;o 6, N&#xB0; 10 - oct. 2021</subfield>
    <subfield code="l">0</subfield>
    <subfield code="o">H342.9 TDA 10.2021</subfield>
    <subfield code="p">R23315</subfield>
    <subfield code="r">2026-04-10 16:10:00</subfield>
    <subfield code="w">2026-04-10</subfield>
    <subfield code="y">RN</subfield>
  </datafield>
  <datafield tag="952" ind1=" " ind2=" ">
    <subfield code="0">0</subfield>
    <subfield code="1">0</subfield>
    <subfield code="4">0</subfield>
    <subfield code="7">0</subfield>
    <subfield code="a">BCEJYS</subfield>
    <subfield code="b">BCEJYS</subfield>
    <subfield code="c">1</subfield>
    <subfield code="d">2021-09-01</subfield>
    <subfield code="h">A&#xF1;o 6, N&#xB0; 9 - sep. 2021</subfield>
    <subfield code="l">0</subfield>
    <subfield code="o">H342.9 TDA 9.2021</subfield>
    <subfield code="p">R22692</subfield>
    <subfield code="r">2026-04-10 16:10:00</subfield>
    <subfield code="w">2026-04-10</subfield>
    <subfield code="y">RN</subfield>
  </datafield>
  <datafield tag="952" ind1=" " ind2=" ">
    <subfield code="0">0</subfield>
    <subfield code="1">0</subfield>
    <subfield code="4">0</subfield>
    <subfield code="7">0</subfield>
    <subfield code="a">BCEJYS</subfield>
    <subfield code="b">BCEJYS</subfield>
    <subfield code="c">17</subfield>
    <subfield code="d">2021-08-01</subfield>
    <subfield code="h">A&#xF1;o 6, N&#xBA; 8 - ago. 2021</subfield>
    <subfield code="l">0</subfield>
    <subfield code="o">H342.9 TDA 8.2021</subfield>
    <subfield code="p">R22674</subfield>
    <subfield code="r">2026-04-10 16:10:00</subfield>
    <subfield code="w">2026-04-10</subfield>
    <subfield code="y">RN</subfield>
  </datafield>
  <datafield tag="952" ind1=" " ind2=" ">
    <subfield code="0">0</subfield>
    <subfield code="1">0</subfield>
    <subfield code="4">0</subfield>
    <subfield code="7">0</subfield>
    <subfield code="a">BCEJYS</subfield>
    <subfield code="b">BCEJYS</subfield>
    <subfield code="c">17</subfield>
    <subfield code="d">2021-07-01</subfield>
    <subfield code="h">A&#xF1;o 6, N&#xB0; 7 - jul. 2021</subfield>
    <subfield code="l">0</subfield>
    <subfield code="o">H342.9 TDA 7.2021</subfield>
    <subfield code="p">R22663</subfield>
    <subfield code="r">2026-04-10 16:10:00</subfield>
    <subfield code="w">2026-04-10</subfield>
    <subfield code="y">RN</subfield>
  </datafield>
  <datafield tag="952" ind1=" " ind2=" ">
    <subfield code="0">0</subfield>
    <subfield code="1">0</subfield>
    <subfield code="4">0</subfield>
    <subfield code="7">0</subfield>
    <subfield code="a">BCEJYS</subfield>
    <subfield code="b">BCEJYS</subfield>
    <subfield code="c">17</subfield>
    <subfield code="d">2021-06-01</subfield>
    <subfield code="h">A&#xF1;o 6, N&#xB0; 6 - jun. 2021</subfield>
    <subfield code="l">0</subfield>
    <subfield code="o">H342.9 TDA 6.2021</subfield>
    <subfield code="p">R22644</subfield>
    <subfield code="r">2026-04-10 16:10:00</subfield>
    <subfield code="w">2026-04-10</subfield>
    <subfield code="y">RN</subfield>
  </datafield>
  <datafield tag="952" ind1=" " ind2=" ">
    <subfield code="0">0</subfield>
    <subfield code="1">0</subfield>
    <subfield code="4">0</subfield>
    <subfield code="7">0</subfield>
    <subfield code="a">BCEJYS</subfield>
    <subfield code="b">BCEJYS</subfield>
    <subfield code="c">1</subfield>
    <subfield code="d">2021-05-01</subfield>
    <subfield code="h">A&#xF1;o 6, N&#xB0; 5 - mayo 2021</subfield>
    <subfield code="l">0</subfield>
    <subfield code="o">H342.9 TDA 5.2021</subfield>
    <subfield code="p">R22638</subfield>
    <subfield code="r">2026-04-10 16:10:00</subfield>
    <subfield code="w">2026-04-10</subfield>
    <subfield code="y">RN</subfield>
  </datafield>
  <datafield tag="952" ind1=" " ind2=" ">
    <subfield code="0">0</subfield>
    <subfield code="1">0</subfield>
    <subfield code="4">0</subfield>
    <subfield code="7">0</subfield>
    <subfield code="a">BCEJYS</subfield>
    <subfield code="b">BCEJYS</subfield>
    <subfield code="c">1</subfield>
    <subfield code="d">2021-04-01</subfield>
    <subfield code="h">A&#xF1;o 6, N&#xB0; 4 - abr. 2021</subfield>
    <subfield code="l">0</subfield>
    <subfield code="o">H342.9 TDA 4.2021</subfield>
    <subfield code="p">R22609</subfield>
    <subfield code="r">2026-04-10 16:10:00</subfield>
    <subfield code="w">2026-04-10</subfield>
    <subfield code="y">RN</subfield>
  </datafield>
  <datafield tag="952" ind1=" " ind2=" ">
    <subfield code="0">0</subfield>
    <subfield code="1">0</subfield>
    <subfield code="4">0</subfield>
    <subfield code="7">0</subfield>
    <subfield code="a">BCEJYS</subfield>
    <subfield code="b">BCEJYS</subfield>
    <subfield code="c">1</subfield>
    <subfield code="d">2021-03-01</subfield>
    <subfield code="h">A&#xF1;o 6, N&#xB0; 3 - mar. 2021</subfield>
    <subfield code="l">0</subfield>
    <subfield code="o">H342.9 TDA 3.2021</subfield>
    <subfield code="p">R22589</subfield>
    <subfield code="r">2026-04-10 16:10:00</subfield>
    <subfield code="w">2026-04-10</subfield>
    <subfield code="y">RN</subfield>
  </datafield>
  <datafield tag="952" ind1=" " ind2=" ">
    <subfield code="0">0</subfield>
    <subfield code="1">0</subfield>
    <subfield code="4">0</subfield>
    <subfield code="7">0</subfield>
    <subfield code="a">BCEJYS</subfield>
    <subfield code="b">BCEJYS</subfield>
    <subfield code="c">17</subfield>
    <subfield code="d">2021-02-01</subfield>
    <subfield code="h">A&#xF1;o 6, N&#xB0; 2 - feb. 2021</subfield>
    <subfield code="l">0</subfield>
    <subfield code="o">H342.9 TDA 2.2021</subfield>
    <subfield code="p">R22572</subfield>
    <subfield code="r">2026-04-10 16:10:00</subfield>
    <subfield code="w">2026-04-10</subfield>
    <subfield code="y">RN</subfield>
  </datafield>
  <datafield tag="952" ind1=" " ind2=" ">
    <subfield code="0">0</subfield>
    <subfield code="1">0</subfield>
    <subfield code="4">0</subfield>
    <subfield code="7">0</subfield>
    <subfield code="a">BCEJYS</subfield>
    <subfield code="b">BCEJYS</subfield>
    <subfield code="c">17</subfield>
    <subfield code="d">2020-12-01</subfield>
    <subfield code="h">A&#xF1;o 5, N&#xB0; 12 - dic. 2020</subfield>
    <subfield code="l">0</subfield>
    <subfield code="o">H342.9 TDA 12.2020</subfield>
    <subfield code="p">R22522</subfield>
    <subfield code="r">2026-04-10 16:10:00</subfield>
    <subfield code="w">2026-04-10</subfield>
    <subfield code="y">RN</subfield>
  </datafield>
  <datafield tag="952" ind1=" " ind2=" ">
    <subfield code="0">0</subfield>
    <subfield code="1">0</subfield>
    <subfield code="4">0</subfield>
    <subfield code="7">0</subfield>
    <subfield code="a">BCEJYS</subfield>
    <subfield code="b">BCEJYS</subfield>
    <subfield code="c">17</subfield>
    <subfield code="d">2020-11-01</subfield>
    <subfield code="h">A&#xF1;o 5, N&#xB0; 11 - nov. 2020</subfield>
    <subfield code="l">0</subfield>
    <subfield code="o">H342.9 TDA 11.2020</subfield>
    <subfield code="p">R22508</subfield>
    <subfield code="r">2026-04-10 16:10:00</subfield>
    <subfield code="w">2026-04-10</subfield>
    <subfield code="y">RN</subfield>
  </datafield>
  <datafield tag="952" ind1=" " ind2=" ">
    <subfield code="0">0</subfield>
    <subfield code="1">0</subfield>
    <subfield code="4">0</subfield>
    <subfield code="7">0</subfield>
    <subfield code="a">BCEJYS</subfield>
    <subfield code="b">BCEJYS</subfield>
    <subfield code="c">17</subfield>
    <subfield code="d">2020-10-01</subfield>
    <subfield code="h">A&#xF1;o 5, N&#xB0; 10 - oct. 2020</subfield>
    <subfield code="l">0</subfield>
    <subfield code="o">H342.9 TDA 10.2020</subfield>
    <subfield code="p">R22492</subfield>
    <subfield code="r">2026-04-10 16:10:00</subfield>
    <subfield code="w">2026-04-10</subfield>
    <subfield code="y">RN</subfield>
  </datafield>
  <datafield tag="952" ind1=" " ind2=" ">
    <subfield code="0">0</subfield>
    <subfield code="1">0</subfield>
    <subfield code="4">0</subfield>
    <subfield code="7">0</subfield>
    <subfield code="a">BCEJYS</subfield>
    <subfield code="b">BCEJYS</subfield>
    <subfield code="c">17</subfield>
    <subfield code="d">2020-09-01</subfield>
    <subfield code="h">A&#xF1;o 5, N&#xB0; 9 - sep. 2020</subfield>
    <subfield code="l">0</subfield>
    <subfield code="o">H342.9 TDA 9.2020</subfield>
    <subfield code="p">R22448</subfield>
    <subfield code="r">2026-04-10 16:10:00</subfield>
    <subfield code="w">2026-04-10</subfield>
    <subfield code="y">RN</subfield>
  </datafield>
  <datafield tag="952" ind1=" " ind2=" ">
    <subfield code="0">0</subfield>
    <subfield code="1">0</subfield>
    <subfield code="4">0</subfield>
    <subfield code="7">0</subfield>
    <subfield code="a">BCEJYS</subfield>
    <subfield code="b">BCEJYS</subfield>
    <subfield code="c">17</subfield>
    <subfield code="d">2020-08-01</subfield>
    <subfield code="h">A&#xF1;o 5, N&#xB0; 8 - ago. 2020</subfield>
    <subfield code="l">0</subfield>
    <subfield code="o">H342.9 TDA 8.2020</subfield>
    <subfield code="p">R22435</subfield>
    <subfield code="r">2026-04-10 16:10:00</subfield>
    <subfield code="w">2026-04-10</subfield>
    <subfield code="y">RN</subfield>
  </datafield>
  <datafield tag="952" ind1=" " ind2=" ">
    <subfield code="0">0</subfield>
    <subfield code="1">0</subfield>
    <subfield code="4">0</subfield>
    <subfield code="7">0</subfield>
    <subfield code="a">BCEJYS</subfield>
    <subfield code="b">BCEJYS</subfield>
    <subfield code="c">17</subfield>
    <subfield code="d">2020-07-01</subfield>
    <subfield code="h">A&#xF1;o 5, N&#xB0; 7 - jul. 2020</subfield>
    <subfield code="l">0</subfield>
    <subfield code="o">H342.9 TDA 7.2020</subfield>
    <subfield code="p">R22434</subfield>
    <subfield code="r">2026-04-10 16:10:00</subfield>
    <subfield code="w">2026-04-10</subfield>
    <subfield code="y">RN</subfield>
  </datafield>
  <datafield tag="952" ind1=" " ind2=" ">
    <subfield code="0">0</subfield>
    <subfield code="1">0</subfield>
    <subfield code="4">0</subfield>
    <subfield code="7">0</subfield>
    <subfield code="a">BCEJYS</subfield>
    <subfield code="b">BCEJYS</subfield>
    <subfield code="c">17</subfield>
    <subfield code="d">2020-06-01</subfield>
    <subfield code="h">A&#xF1;o 5, N&#xB0; 6 - jun. 2020</subfield>
    <subfield code="l">0</subfield>
    <subfield code="o">H342.9 TDA 6.2020</subfield>
    <subfield code="p">R22407</subfield>
    <subfield code="r">2026-04-10 16:10:00</subfield>
    <subfield code="w">2026-04-10</subfield>
    <subfield code="y">RN</subfield>
  </datafield>
  <datafield tag="952" ind1=" " ind2=" ">
    <subfield code="0">0</subfield>
    <subfield code="1">0</subfield>
    <subfield code="4">0</subfield>
    <subfield code="7">0</subfield>
    <subfield code="a">BCEJYS</subfield>
    <subfield code="b">BCEJYS</subfield>
    <subfield code="c">17</subfield>
    <subfield code="d">2020-05-01</subfield>
    <subfield code="h">A&#xF1;o 5, N&#xB0; 5 - mayo 2020</subfield>
    <subfield code="l">0</subfield>
    <subfield code="o">H342.9 TDA 5.2020</subfield>
    <subfield code="p">R22406</subfield>
    <subfield code="r">2026-04-10 16:10:00</subfield>
    <subfield code="w">2026-04-10</subfield>
    <subfield code="y">RN</subfield>
  </datafield>
  <datafield tag="952" ind1=" " ind2=" ">
    <subfield code="0">0</subfield>
    <subfield code="1">0</subfield>
    <subfield code="4">0</subfield>
    <subfield code="7">0</subfield>
    <subfield code="a">BCEJYS</subfield>
    <subfield code="b">BCEJYS</subfield>
    <subfield code="c">17</subfield>
    <subfield code="d">2020-04-01</subfield>
    <subfield code="h">A&#xF1;o 5, N&#xB0; 4 - abr. 2020</subfield>
    <subfield code="l">0</subfield>
    <subfield code="o">H342.9 TDA 4.2020</subfield>
    <subfield code="p">R22405</subfield>
    <subfield code="r">2026-04-10 16:10:00</subfield>
    <subfield code="w">2026-04-10</subfield>
    <subfield code="y">RN</subfield>
  </datafield>
  <datafield tag="952" ind1=" " ind2=" ">
    <subfield code="0">0</subfield>
    <subfield code="1">0</subfield>
    <subfield code="4">0</subfield>
    <subfield code="7">0</subfield>
    <subfield code="a">BCEJYS</subfield>
    <subfield code="b">BCEJYS</subfield>
    <subfield code="c">1</subfield>
    <subfield code="d">2020-03-01</subfield>
    <subfield code="h">A&#xF1;o 5, N&#xB0; 3 - mar. 2020</subfield>
    <subfield code="l">0</subfield>
    <subfield code="o">H342.9 TDA 3.2020</subfield>
    <subfield code="p">R22394</subfield>
    <subfield code="r">2026-04-10 16:10:00</subfield>
    <subfield code="w">2026-04-10</subfield>
    <subfield code="y">RN</subfield>
  </datafield>
  <datafield tag="952" ind1=" " ind2=" ">
    <subfield code="0">0</subfield>
    <subfield code="1">0</subfield>
    <subfield code="4">0</subfield>
    <subfield code="7">0</subfield>
    <subfield code="a">BCEJYS</subfield>
    <subfield code="b">BCEJYS</subfield>
    <subfield code="c">17</subfield>
    <subfield code="d">2020-02-01</subfield>
    <subfield code="h">A&#xF1;o 5, N&#xB0; 2 - feb. 2020</subfield>
    <subfield code="l">0</subfield>
    <subfield code="o">H342.9 TDA 2.2020</subfield>
    <subfield code="p">R22376</subfield>
    <subfield code="r">2026-04-10 16:10:00</subfield>
    <subfield code="w">2026-04-10</subfield>
    <subfield code="y">RN</subfield>
  </datafield>
  <datafield tag="952" ind1=" " ind2=" ">
    <subfield code="0">0</subfield>
    <subfield code="1">0</subfield>
    <subfield code="4">0</subfield>
    <subfield code="7">0</subfield>
    <subfield code="a">BCEJYS</subfield>
    <subfield code="b">BCEJYS</subfield>
    <subfield code="c">17</subfield>
    <subfield code="d">2019-12-01</subfield>
    <subfield code="h">A&#xF1;o 4, N&#xB0; 12 - dic. 2019</subfield>
    <subfield code="l">0</subfield>
    <subfield code="o">H342.9 TDA 12.2019</subfield>
    <subfield code="p">R22334</subfield>
    <subfield code="r">2026-04-10 16:10:00</subfield>
    <subfield code="w">2026-04-10</subfield>
    <subfield code="y">RN</subfield>
  </datafield>
  <datafield tag="952" ind1=" " ind2=" ">
    <subfield code="0">0</subfield>
    <subfield code="1">0</subfield>
    <subfield code="4">0</subfield>
    <subfield code="7">0</subfield>
    <subfield code="a">BCEJYS</subfield>
    <subfield code="b">BCEJYS</subfield>
    <subfield code="c">17</subfield>
    <subfield code="d">2019-11-01</subfield>
    <subfield code="h">A&#xF1;o 4, N&#xB0; 11 - nov. 2019</subfield>
    <subfield code="l">0</subfield>
    <subfield code="o">H342.9 TDA 11.2019</subfield>
    <subfield code="p">R22324</subfield>
    <subfield code="r">2026-04-10 16:10:00</subfield>
    <subfield code="w">2026-04-10</subfield>
    <subfield code="y">RN</subfield>
  </datafield>
  <datafield tag="952" ind1=" " ind2=" ">
    <subfield code="0">0</subfield>
    <subfield code="1">0</subfield>
    <subfield code="4">0</subfield>
    <subfield code="7">0</subfield>
    <subfield code="a">BCEJYS</subfield>
    <subfield code="b">BCEJYS</subfield>
    <subfield code="c">17</subfield>
    <subfield code="d">2019-10-01</subfield>
    <subfield code="h">A&#xF1;o 4, N&#xB0; 10 - oct. 2019</subfield>
    <subfield code="l">0</subfield>
    <subfield code="o">H342.9 TDA 10.2019</subfield>
    <subfield code="p">R22283</subfield>
    <subfield code="r">2026-04-10 16:10:01</subfield>
    <subfield code="w">2026-04-10</subfield>
    <subfield code="y">RN</subfield>
  </datafield>
  <datafield tag="952" ind1=" " ind2=" ">
    <subfield code="0">0</subfield>
    <subfield code="1">0</subfield>
    <subfield code="4">0</subfield>
    <subfield code="7">0</subfield>
    <subfield code="a">BCEJYS</subfield>
    <subfield code="b">BCEJYS</subfield>
    <subfield code="c">17</subfield>
    <subfield code="d">2019-09-01</subfield>
    <subfield code="h">A&#xF1;o 4, N&#xB0; 9 - sep. 2019</subfield>
    <subfield code="l">0</subfield>
    <subfield code="o">H342.9 TDA 9.2019</subfield>
    <subfield code="p">R22263</subfield>
    <subfield code="r">2026-04-10 16:10:01</subfield>
    <subfield code="w">2026-04-10</subfield>
    <subfield code="y">RN</subfield>
  </datafield>
  <datafield tag="952" ind1=" " ind2=" ">
    <subfield code="0">0</subfield>
    <subfield code="1">0</subfield>
    <subfield code="4">0</subfield>
    <subfield code="7">0</subfield>
    <subfield code="a">BCEJYS</subfield>
    <subfield code="b">BCEJYS</subfield>
    <subfield code="c">17</subfield>
    <subfield code="d">2019-08-01</subfield>
    <subfield code="h">A&#xF1;o 4, N&#xB0; 8 - ago. 2019</subfield>
    <subfield code="l">0</subfield>
    <subfield code="o">H342.9 TDA 8.2019</subfield>
    <subfield code="p">R22246</subfield>
    <subfield code="r">2026-04-10 16:10:01</subfield>
    <subfield code="w">2026-04-10</subfield>
    <subfield code="y">RN</subfield>
  </datafield>
  <datafield tag="952" ind1=" " ind2=" ">
    <subfield code="0">0</subfield>
    <subfield code="1">0</subfield>
    <subfield code="4">0</subfield>
    <subfield code="7">0</subfield>
    <subfield code="a">BCEJYS</subfield>
    <subfield code="b">BCEJYS</subfield>
    <subfield code="c">17</subfield>
    <subfield code="d">2019-07-01</subfield>
    <subfield code="h">A&#xF1;o 4, N&#xBA; 7 - jul. 2019</subfield>
    <subfield code="l">0</subfield>
    <subfield code="o">H342.9 TDA 7.2019</subfield>
    <subfield code="p">R22222</subfield>
    <subfield code="r">2026-04-10 16:10:01</subfield>
    <subfield code="w">2026-04-10</subfield>
    <subfield code="y">RN</subfield>
  </datafield>
  <datafield tag="952" ind1=" " ind2=" ">
    <subfield code="0">0</subfield>
    <subfield code="1">0</subfield>
    <subfield code="4">0</subfield>
    <subfield code="7">0</subfield>
    <subfield code="a">BCEJYS</subfield>
    <subfield code="b">BCEJYS</subfield>
    <subfield code="c">17</subfield>
    <subfield code="d">2019-06-01</subfield>
    <subfield code="h">A&#xF1;o 4, N&#xB0; 6 - jun. 2019</subfield>
    <subfield code="l">0</subfield>
    <subfield code="o">H342.9 TDA 6.2019</subfield>
    <subfield code="p">R22197</subfield>
    <subfield code="r">2026-04-10 16:10:01</subfield>
    <subfield code="w">2026-04-10</subfield>
    <subfield code="y">RN</subfield>
  </datafield>
  <datafield tag="952" ind1=" " ind2=" ">
    <subfield code="0">0</subfield>
    <subfield code="1">0</subfield>
    <subfield code="4">0</subfield>
    <subfield code="7">0</subfield>
    <subfield code="a">BCEJYS</subfield>
    <subfield code="b">BCEJYS</subfield>
    <subfield code="c">17</subfield>
    <subfield code="d">2019-05-01</subfield>
    <subfield code="h">A&#xF1;o 4, N&#xB0; 5 - mayo 2019</subfield>
    <subfield code="l">0</subfield>
    <subfield code="o">H342.9 TDA 5.2019</subfield>
    <subfield code="p">R22180</subfield>
    <subfield code="r">2026-04-10 16:10:01</subfield>
    <subfield code="w">2026-04-10</subfield>
    <subfield code="y">RN</subfield>
  </datafield>
  <datafield tag="952" ind1=" " ind2=" ">
    <subfield code="0">0</subfield>
    <subfield code="1">0</subfield>
    <subfield code="4">0</subfield>
    <subfield code="7">0</subfield>
    <subfield code="a">BCEJYS</subfield>
    <subfield code="b">BCEJYS</subfield>
    <subfield code="c">17</subfield>
    <subfield code="d">2019-04-01</subfield>
    <subfield code="h">A&#xF1;o 4, N&#xB0; 4 - abr. 2019</subfield>
    <subfield code="l">0</subfield>
    <subfield code="o">H342.9 TDA 4.2019</subfield>
    <subfield code="p">R22170</subfield>
    <subfield code="r">2026-04-10 16:10:01</subfield>
    <subfield code="w">2026-04-10</subfield>
    <subfield code="y">RN</subfield>
  </datafield>
  <datafield tag="952" ind1=" " ind2=" ">
    <subfield code="0">0</subfield>
    <subfield code="1">0</subfield>
    <subfield code="4">0</subfield>
    <subfield code="7">0</subfield>
    <subfield code="a">BCEJYS</subfield>
    <subfield code="b">BCEJYS</subfield>
    <subfield code="c">17</subfield>
    <subfield code="d">2019-03-01</subfield>
    <subfield code="h">A&#xF1;o 4, N&#xB0; 3 - mar. 2019</subfield>
    <subfield code="l">0</subfield>
    <subfield code="o">H342.9 TDA 3.2019</subfield>
    <subfield code="p">R22150</subfield>
    <subfield code="r">2026-04-10 16:10:01</subfield>
    <subfield code="w">2026-04-10</subfield>
    <subfield code="y">RN</subfield>
  </datafield>
  <datafield tag="952" ind1=" " ind2=" ">
    <subfield code="0">0</subfield>
    <subfield code="1">0</subfield>
    <subfield code="4">0</subfield>
    <subfield code="7">0</subfield>
    <subfield code="a">BCEJYS</subfield>
    <subfield code="b">BCEJYS</subfield>
    <subfield code="c">17</subfield>
    <subfield code="d">2019-02-01</subfield>
    <subfield code="h">A&#xF1;o 4, N&#xB0; 2 - feb. 2019</subfield>
    <subfield code="l">0</subfield>
    <subfield code="o">H342.9 TDA 2.2019</subfield>
    <subfield code="p">R22117</subfield>
    <subfield code="r">2026-04-10 16:10:01</subfield>
    <subfield code="w">2026-04-10</subfield>
    <subfield code="y">RN</subfield>
  </datafield>
  <datafield tag="952" ind1=" " ind2=" ">
    <subfield code="0">0</subfield>
    <subfield code="1">0</subfield>
    <subfield code="4">0</subfield>
    <subfield code="7">0</subfield>
    <subfield code="a">BCEJYS</subfield>
    <subfield code="b">BCEJYS</subfield>
    <subfield code="c">17</subfield>
    <subfield code="d">2018-12-01</subfield>
    <subfield code="h">A&#xF1;o 3, N&#xB0; 12 - dic. 2018</subfield>
    <subfield code="l">0</subfield>
    <subfield code="o">H342.9 TDA 12.2018</subfield>
    <subfield code="p">R22061</subfield>
    <subfield code="r">2026-04-10 16:10:01</subfield>
    <subfield code="w">2026-04-10</subfield>
    <subfield code="y">RN</subfield>
  </datafield>
  <datafield tag="952" ind1=" " ind2=" ">
    <subfield code="0">0</subfield>
    <subfield code="1">0</subfield>
    <subfield code="4">0</subfield>
    <subfield code="7">0</subfield>
    <subfield code="a">BCEJYS</subfield>
    <subfield code="b">BCEJYS</subfield>
    <subfield code="c">17</subfield>
    <subfield code="d">2018-11-01</subfield>
    <subfield code="h">A&#xF1;o 3, N&#xB0; 11 - nov. 2018</subfield>
    <subfield code="l">0</subfield>
    <subfield code="o">H342.9 TDA 11.2018</subfield>
    <subfield code="p">R22042</subfield>
    <subfield code="r">2026-04-10 16:10:01</subfield>
    <subfield code="w">2026-04-10</subfield>
    <subfield code="y">RN</subfield>
  </datafield>
  <datafield tag="952" ind1=" " ind2=" ">
    <subfield code="0">0</subfield>
    <subfield code="1">0</subfield>
    <subfield code="4">0</subfield>
    <subfield code="7">0</subfield>
    <subfield code="a">BCEJYS</subfield>
    <subfield code="b">BCEJYS</subfield>
    <subfield code="c">17</subfield>
    <subfield code="d">2018-10-01</subfield>
    <subfield code="h">A&#xF1;o 3, N&#xB0; 10 - oct. 2018</subfield>
    <subfield code="l">0</subfield>
    <subfield code="o">H342.9 TDA 10.2018</subfield>
    <subfield code="p">R22021</subfield>
    <subfield code="r">2026-04-10 16:10:01</subfield>
    <subfield code="w">2026-04-10</subfield>
    <subfield code="y">RN</subfield>
  </datafield>
  <datafield tag="952" ind1=" " ind2=" ">
    <subfield code="0">0</subfield>
    <subfield code="1">0</subfield>
    <subfield code="4">0</subfield>
    <subfield code="7">0</subfield>
    <subfield code="a">BCEJYS</subfield>
    <subfield code="b">BCEJYS</subfield>
    <subfield code="c">17</subfield>
    <subfield code="d">2018-09-01</subfield>
    <subfield code="h">A&#xF1;o 3, N&#xB0; 9 - sep. 2018</subfield>
    <subfield code="l">0</subfield>
    <subfield code="o">H342.9 TDA 9.2018</subfield>
    <subfield code="p">R21984</subfield>
    <subfield code="r">2026-04-10 16:10:01</subfield>
    <subfield code="w">2026-04-10</subfield>
    <subfield code="y">RN</subfield>
  </datafield>
  <datafield tag="952" ind1=" " ind2=" ">
    <subfield code="0">0</subfield>
    <subfield code="1">0</subfield>
    <subfield code="4">0</subfield>
    <subfield code="7">0</subfield>
    <subfield code="a">BCEJYS</subfield>
    <subfield code="b">BCEJYS</subfield>
    <subfield code="c">17</subfield>
    <subfield code="d">2018-08-01</subfield>
    <subfield code="h">A&#xF1;o 3, N&#xB0; 8 - ago. 2018</subfield>
    <subfield code="l">0</subfield>
    <subfield code="o">H342.9 TDA 8.2018</subfield>
    <subfield code="p">R21949</subfield>
    <subfield code="r">2026-04-10 16:10:01</subfield>
    <subfield code="w">2026-04-10</subfield>
    <subfield code="y">RN</subfield>
  </datafield>
  <datafield tag="952" ind1=" " ind2=" ">
    <subfield code="0">0</subfield>
    <subfield code="1">0</subfield>
    <subfield code="4">0</subfield>
    <subfield code="7">0</subfield>
    <subfield code="a">BCEJYS</subfield>
    <subfield code="b">BCEJYS</subfield>
    <subfield code="c">17</subfield>
    <subfield code="d">2018-07-01</subfield>
    <subfield code="h">A&#xF1;o 3, N&#xBA; 7 - jul. 2018</subfield>
    <subfield code="l">0</subfield>
    <subfield code="o">H342.9 TDA 7.2018</subfield>
    <subfield code="p">R21897</subfield>
    <subfield code="r">2026-04-10 16:10:01</subfield>
    <subfield code="w">2026-04-10</subfield>
    <subfield code="y">RN</subfield>
  </datafield>
  <datafield tag="952" ind1=" " ind2=" ">
    <subfield code="0">0</subfield>
    <subfield code="1">0</subfield>
    <subfield code="4">0</subfield>
    <subfield code="7">0</subfield>
    <subfield code="a">BCEJYS</subfield>
    <subfield code="b">BCEJYS</subfield>
    <subfield code="c">17</subfield>
    <subfield code="d">2018-06-01</subfield>
    <subfield code="h">A&#xF1;o 3, N&#xB0; 6 - jun. 2018</subfield>
    <subfield code="l">0</subfield>
    <subfield code="o">H342.9 TDA 6.2018</subfield>
    <subfield code="p">R21881</subfield>
    <subfield code="r">2026-04-10 16:10:01</subfield>
    <subfield code="w">2026-04-10</subfield>
    <subfield code="y">RN</subfield>
  </datafield>
  <datafield tag="952" ind1=" " ind2=" ">
    <subfield code="0">0</subfield>
    <subfield code="1">0</subfield>
    <subfield code="4">0</subfield>
    <subfield code="7">0</subfield>
    <subfield code="a">BCEJYS</subfield>
    <subfield code="b">BCEJYS</subfield>
    <subfield code="c">17</subfield>
    <subfield code="d">2018-05-01</subfield>
    <subfield code="h">A&#xF1;o 3, N&#xB0; 5 - mayo 2018</subfield>
    <subfield code="l">0</subfield>
    <subfield code="o">H342.9 TDA 5.2018</subfield>
    <subfield code="p">R21817</subfield>
    <subfield code="r">2026-04-10 16:10:01</subfield>
    <subfield code="w">2026-04-10</subfield>
    <subfield code="y">RN</subfield>
  </datafield>
  <datafield tag="952" ind1=" " ind2=" ">
    <subfield code="0">0</subfield>
    <subfield code="1">0</subfield>
    <subfield code="4">0</subfield>
    <subfield code="7">0</subfield>
    <subfield code="a">BCEJYS</subfield>
    <subfield code="b">BCEJYS</subfield>
    <subfield code="c">17</subfield>
    <subfield code="d">2018-04-01</subfield>
    <subfield code="h">A&#xF1;o 3, N&#xB0; 4 - abr. 2018</subfield>
    <subfield code="l">0</subfield>
    <subfield code="o">H342.9 TDA 4.2018</subfield>
    <subfield code="p">R21870</subfield>
    <subfield code="r">2026-04-10 16:10:01</subfield>
    <subfield code="w">2026-04-10</subfield>
    <subfield code="y">RN</subfield>
  </datafield>
  <datafield tag="952" ind1=" " ind2=" ">
    <subfield code="0">0</subfield>
    <subfield code="1">0</subfield>
    <subfield code="4">0</subfield>
    <subfield code="7">0</subfield>
    <subfield code="a">BCEJYS</subfield>
    <subfield code="b">BCEJYS</subfield>
    <subfield code="c">17</subfield>
    <subfield code="d">2018-03-01</subfield>
    <subfield code="h">A&#xF1;o 3, N&#xBA; 3 - mar. 2018</subfield>
    <subfield code="l">0</subfield>
    <subfield code="o">H342.9 TDA 3.2018</subfield>
    <subfield code="p">R21809</subfield>
    <subfield code="r">2026-04-10 16:10:01</subfield>
    <subfield code="w">2026-04-10</subfield>
    <subfield code="y">RN</subfield>
  </datafield>
  <datafield tag="952" ind1=" " ind2=" ">
    <subfield code="0">0</subfield>
    <subfield code="1">0</subfield>
    <subfield code="4">0</subfield>
    <subfield code="7">0</subfield>
    <subfield code="a">BCEJYS</subfield>
    <subfield code="b">BCEJYS</subfield>
    <subfield code="c">17</subfield>
    <subfield code="d">2018-02-01</subfield>
    <subfield code="h">A&#xF1;o 3, N&#xBA; 2 - feb. 2018</subfield>
    <subfield code="l">0</subfield>
    <subfield code="o">H342.9 TDA 2.2018</subfield>
    <subfield code="p">R21736</subfield>
    <subfield code="r">2026-04-10 16:10:01</subfield>
    <subfield code="w">2026-04-10</subfield>
    <subfield code="y">RN</subfield>
  </datafield>
  <datafield tag="952" ind1=" " ind2=" ">
    <subfield code="0">0</subfield>
    <subfield code="1">0</subfield>
    <subfield code="4">0</subfield>
    <subfield code="7">0</subfield>
    <subfield code="a">BCEJYS</subfield>
    <subfield code="b">BCEJYS</subfield>
    <subfield code="c">17</subfield>
    <subfield code="d">2017-12-01</subfield>
    <subfield code="h">A&#xF1;o 2, N&#xBA; 12 - dic. 2017</subfield>
    <subfield code="l">0</subfield>
    <subfield code="o">H342.9 TDA 12.2017</subfield>
    <subfield code="p">R21735</subfield>
    <subfield code="r">2026-04-10 16:10:01</subfield>
    <subfield code="w">2026-04-10</subfield>
    <subfield code="y">RN</subfield>
  </datafield>
  <datafield tag="952" ind1=" " ind2=" ">
    <subfield code="0">0</subfield>
    <subfield code="1">0</subfield>
    <subfield code="4">0</subfield>
    <subfield code="7">0</subfield>
    <subfield code="a">BCEJYS</subfield>
    <subfield code="b">BCEJYS</subfield>
    <subfield code="c">17</subfield>
    <subfield code="d">2017-11-01</subfield>
    <subfield code="h">A&#xF1;o 2, N&#xBA; 11 - nov. 2017</subfield>
    <subfield code="l">0</subfield>
    <subfield code="o">H342.9 TDA 11.2017</subfield>
    <subfield code="p">R21471</subfield>
    <subfield code="r">2026-04-10 16:10:01</subfield>
    <subfield code="w">2026-04-10</subfield>
    <subfield code="y">RN</subfield>
  </datafield>
  <datafield tag="952" ind1=" " ind2=" ">
    <subfield code="0">0</subfield>
    <subfield code="1">0</subfield>
    <subfield code="4">0</subfield>
    <subfield code="7">0</subfield>
    <subfield code="a">BCEJYS</subfield>
    <subfield code="b">BCEJYS</subfield>
    <subfield code="c">17</subfield>
    <subfield code="d">2017-10-01</subfield>
    <subfield code="h">A&#xF1;o 2, N&#xBA; 10 - oct. 2017</subfield>
    <subfield code="l">0</subfield>
    <subfield code="o">H342.9 TDA 10.2017</subfield>
    <subfield code="p">R21421</subfield>
    <subfield code="r">2026-04-10 16:10:01</subfield>
    <subfield code="w">2026-04-10</subfield>
    <subfield code="y">RN</subfield>
  </datafield>
  <datafield tag="952" ind1=" " ind2=" ">
    <subfield code="0">0</subfield>
    <subfield code="1">0</subfield>
    <subfield code="4">0</subfield>
    <subfield code="7">0</subfield>
    <subfield code="a">BCEJYS</subfield>
    <subfield code="b">BCEJYS</subfield>
    <subfield code="c">17</subfield>
    <subfield code="d">2017-09-01</subfield>
    <subfield code="h">A&#xF1;o 2, N&#xBA; 9 - sep. 2017</subfield>
    <subfield code="l">0</subfield>
    <subfield code="o">H342.9 TDA 9.2017</subfield>
    <subfield code="p">R21396</subfield>
    <subfield code="r">2026-04-10 16:10:01</subfield>
    <subfield code="w">2026-04-10</subfield>
    <subfield code="y">RN</subfield>
  </datafield>
  <datafield tag="952" ind1=" " ind2=" ">
    <subfield code="0">0</subfield>
    <subfield code="1">0</subfield>
    <subfield code="4">0</subfield>
    <subfield code="7">0</subfield>
    <subfield code="a">BCEJYS</subfield>
    <subfield code="b">BCEJYS</subfield>
    <subfield code="c">17</subfield>
    <subfield code="d">2017-08-01</subfield>
    <subfield code="h">A&#xF1;o 2, N&#xBA; 8 - ago. 2017</subfield>
    <subfield code="l">0</subfield>
    <subfield code="o">H342.9 TDA 8.2017</subfield>
    <subfield code="p">R21395</subfield>
    <subfield code="r">2026-04-10 16:10:01</subfield>
    <subfield code="w">2026-04-10</subfield>
    <subfield code="y">RN</subfield>
  </datafield>
  <datafield tag="952" ind1=" " ind2=" ">
    <subfield code="0">0</subfield>
    <subfield code="1">0</subfield>
    <subfield code="4">0</subfield>
    <subfield code="7">0</subfield>
    <subfield code="a">BCEJYS</subfield>
    <subfield code="b">BCEJYS</subfield>
    <subfield code="c">17</subfield>
    <subfield code="d">2017-07-01</subfield>
    <subfield code="h">A&#xF1;o 2, N&#xBA; 7 - jul. 2017</subfield>
    <subfield code="l">0</subfield>
    <subfield code="o">H342.9 TDA 7.2017</subfield>
    <subfield code="p">R21394</subfield>
    <subfield code="r">2026-04-10 16:10:01</subfield>
    <subfield code="w">2026-04-10</subfield>
    <subfield code="y">RN</subfield>
  </datafield>
  <datafield tag="952" ind1=" " ind2=" ">
    <subfield code="0">0</subfield>
    <subfield code="1">0</subfield>
    <subfield code="4">0</subfield>
    <subfield code="7">0</subfield>
    <subfield code="a">BCEJYS</subfield>
    <subfield code="b">BCEJYS</subfield>
    <subfield code="c">17</subfield>
    <subfield code="d">2016-10-01</subfield>
    <subfield code="h">A&#xF1;o 1, N&#xBA; 10 - oct. 2016</subfield>
    <subfield code="l">0</subfield>
    <subfield code="o">H342.9 TDA 10.2016</subfield>
    <subfield code="p">R20560</subfield>
    <subfield code="r">2026-04-10 16:10:01</subfield>
    <subfield code="w">2026-04-10</subfield>
    <subfield code="y">RN</subfield>
  </datafield>
  <datafield tag="952" ind1=" " ind2=" ">
    <subfield code="0">0</subfield>
    <subfield code="1">0</subfield>
    <subfield code="4">0</subfield>
    <subfield code="7">0</subfield>
    <subfield code="a">BCEJYS</subfield>
    <subfield code="b">BCEJYS</subfield>
    <subfield code="c">17</subfield>
    <subfield code="d">2016-10-01</subfield>
    <subfield code="h">A&#xF1;o 1, N&#xBA; 10 - oct. 2016</subfield>
    <subfield code="l">0</subfield>
    <subfield code="o">H342.9 TDA 10.2016 Ej.2</subfield>
    <subfield code="p">R20590</subfield>
    <subfield code="r">2026-04-10 16:10:01</subfield>
    <subfield code="w">2026-04-10</subfield>
    <subfield code="y">RN</subfield>
  </datafield>
</record>
